500 acteurs et actrices en photos. - Statistiques

Statistiques générales
  • Ce quiz a été pris 562 fois
    486 depuis la dernière actualisation
  • Le résultat moyen est 168 sur 500
Statistiques - réponses
Par images Réponse % Correct
Leonardo DiCaprio
97%
Louis de Funès
93%
Brad Pitt
89%
Gérard Depardieu
88%
Marilyn Monroe
87%
Charlie Chaplin
86%
Johnny Depp
85%
Omar Sy
84%
Pierre Niney
84%
Marion Cotillard
83%
Will Smith
83%
Tom Cruise
82%
Tom Hanks
81%
Jean Dujardin
79%
Vincent Cassel
79%
Christian Clavier
77%
Dany Boon
77%
Meryl Streep
76%
Robert De Niro
76%
Franck Dubosc
75%
Julia Roberts
75%
Kev Adams
75%
Morgan Freeman
75%
Zendaya
75%
Angelina Jolie
74%
Gad Elmaleh
74%
Jamel Debbouze
74%
Jean Reno
74%
Jim Carrey
74%
Kad Merad
74%
Sophie Marceau
74%
Brigitte Bardot
73%
Emma Watson
73%
Natalie Portman
73%
Catherine Deneuve
72%
Timothée Chalamet
72%
Gérard Jugnot
71%
Jean-Paul Belmondo
71%
Tom Holland
70%
Virginie Efira
70%
Adèle Exarchopoulos
69%
Alain Chabat
69%
Alain Delon
68%
Élie Semoun
68%
Emma Stone
68%
François Civil
68%
Ryan Gosling
68%
Bruce Willis
67%
Dwayne Johnson
67%
Gilles Lellouche
67%
Bourvil
66%
Margot Robbie
66%
Scarlett Johansson
66%
Coluche
65%
Sylvester Stallone
65%
George Clooney
64%
Guillaume Canet
64%
Jonathan Cohen
64%
Matt Damon
64%
Thierry Lhermitte
64%
Alexandra Lamy
63%
Bruce Lee
63%
Daniel Craig
63%
Gérard Darmon
63%
Jennifer Aniston
63%
Clint Eastwood
62%
Denzel Washington
62%
Jean-Paul Rouve
62%
Penélope Cruz
62%
Philippe Lacheau
62%
Samuel L. Jackson
62%
Artus
61%
Audrey Fleurot
61%
Isabelle Adjani
61%
Didier Bourdon
60%
Jack Nicholson
60%
Leïla Bekhti
60%
Al Pacino
59%
Audrey Tautou
59%
François Cluzet
59%
Kate Winslet
59%
Keanu Reeves
59%
Robin Williams
59%
Anthony Hopkins
58%
Audrey Lamy
58%
Charlotte Gainsbourg
58%
Jackie Chan
58%
Robert Pattinson
58%
Camille Cottin
57%
Daniel Radcliffe
57%
Harrison Ford
57%
Michel Blanc
57%
Muriel Robin
57%
Bradley Cooper
56%
Daniel Auteuil
56%
Isabelle Nanty
56%
Jennifer Lawrence
56%
Nicole Kidman
56%
Anne Hathaway
55%
Cameron Diaz
55%
Joaquin Phoenix
55%
José Garcia
55%
Marina Foïs
55%
Monica Bellucci
55%
Nicolas Cage
55%
Cillian Murphy
54%
Eva Green
53%
François Damiens
53%
Jean-Claude Van Damme
53%
Jodie Foster
53%
John Travolta
53%
Robert Downey Jr.
53%
Valérie Lemercier
53%
Audrey Hepburn
52%
Josiane Balasko
52%
Ahmed Sylla
51%
Arnold Schwarzenegger
51%
Cate Blanchett
51%
Fabrice Luchini
51%
Jake Gyllenhaal
51%
Sean Penn
51%
Hugh Grant
49%
Jack Black
49%
Jason Statham
49%
Mélanie Laurent
49%
Benoît Poelvoorde
48%
Christian Bale
48%
Fernandel
48%
Isabelle Huppert
48%
Léa Seydoux
48%
Liam Neeson
48%
Pedro Pascal
48%
Andrew Garfield
47%
Ben Stiller
47%
Helena Bonham Carter
47%
Ryan Reynolds
47%
Laurent Lafitte
46%
Benedict Cumberbatch
45%
Jared Leto
45%
Jean Gabin
45%
Jean Rochefort
45%
Michèle Laroque
45%
Pierre Richard
45%
Hugh Jackman
44%
Romain Duris
44%
Sandra Bullock
44%
Sandrine Kiberlain
44%
Vincent Lindon
44%
Jacques Villeret
43%
Jean-Pierre Bacri
43%
Keira Knightley
43%
Kristen Stewart
43%
Marlon Brando
43%
Raphaël Quenard
43%
Maggie Smith
42%
Russell Crowe
42%
Samy Naceri
42%
Eddie Murphy
41%
Édouard Baer
41%
Gary Oldman
41%
Idris Elba
41%
Mark Ruffalo
41%
Rowan Atkinson
41%
Tobey Maguire
41%
Winona Ryder
41%
Woody Allen
41%
Chris Evans
40%
Gal Gadot
40%
Jessica Alba
40%
Lambert Wilson
40%
Matthew McConaughey
40%
Mel Gibson
40%
Roberto Benigni
40%
Salma Hayek
40%
Tom Hardy
40%
Adam Driver
39%
Adrien Brody
39%
Daniel Day-Lewis
39%
James Dean
39%
Jamie Foxx
39%
Kevin Spacey
39%
Pierce Brosnan
39%
Romy Schneider
39%
Tarek Boudali
39%
Bill Murray
38%
Clovis Cornillac
38%
Dustin Hoffman
38%
Edward Norton
38%
Gérard Lanvin
38%
Javier Bardem
38%
Juliette Binoche
38%
Michael Douglas
38%
Uma Thurman
38%
Willem Dafoe
38%
Bernard Campan
37%
Chantal Lauby
37%
Fanny Ardant
37%
Halle Berry
37%
Jude Law
37%
Laetitia Casta
37%
Sigourney Weaver
37%
Vincent Lacoste
37%
Chris Pratt
36%
Gwyneth Paltrow
36%
Heath Ledger
36%
Julianne Moore
36%
Lino Ventura
36%
Viggo Mortensen
36%
Whoopi Goldberg
36%
Ben Affleck
35%
Benoît Magimel
35%
Gaspard Ulliel
35%
Mark Wahlberg
35%
Michel Galabru
35%
Patrick Swayze
35%
Patrick Timsit
35%
Ralph Fiennes
35%
Robert Redford
35%
Yves Montand
35%
Albert Dupontel
34%
Charlize Theron
34%
Emmanuelle Béart
34%
Florence Pugh
34%
Marie-Anne Chazel
34%
Orlando Bloom
34%
Pio Marmaï
34%
Sean Connery
34%
Bérénice Bejo
33%
Élodie Fontan
33%
Henry Cavill
33%
Jane Fonda
33%
Jessica Chastain
33%
Karin Viard
33%
Mads Mikkelsen
33%
Anémone
32%
Antonio Banderas
32%
Catherine Frot
32%
James Franco
32%
Kevin Costner
32%
Mathieu Kassovitz
32%
Miou-Miou
32%
Nathalie Baye
32%
Richard Gere
32%
Ana de Armas
31%
Christopher Lee
31%
Ethan Hawke
31%
Eva Mendes
31%
John Wayne
31%
Steve Carell
31%
Claude Brasseur
30%
Emma Thompson
30%
Ewan McGregor
30%
Forest Whitaker
30%
Louis Garrel
30%
Mathilde Seigner
30%
Michael Caine
30%
Simone Signoret
30%
Tommy Lee Jones
30%
Bryan Cranston
29%
Catherine Zeta-Jones
29%
Danny DeVito
29%
Jeremy Renner
29%
Adèle Haenel
28%
Alan Rickman
28%
Benicio del Toro
28%
Colin Firth
28%
Grace Kelly
28%
Patrick Dewaere
28%
Renée Zellweger
28%
Woody Harrelson
28%
Agnès Jaoui
27%
Christophe Lambert
27%
Christoph Waltz
27%
Glenn Close
27%
Owen Wilson
27%
Tahar Rahim
27%
Alex Lutz
26%
Amy Adams
26%
André Dussollier
26%
Bernard Blier
26%
Cécile de France
26%
Colin Farrell
26%
Emily Blunt
26%
Kevin Bacon
26%
Michael J. Fox
26%
Michael Keaton
26%
Michelle Pfeiffer
26%
Oscar Isaac
26%
Roschdy Zem
26%
Susan Sarandon
26%
Tomer Sisley
26%
Annie Girardot
25%
Barbra Streisand
25%
Elizabeth Taylor
25%
Jean Lefebvre
25%
Paul Newman
25%
Rachel McAdams
25%
Val Kilmer
25%
Christopher Walken
24%
Fred Astaire
24%
Humphrey Bogart
24%
Kirk Douglas
24%
Kirsten Dunst
24%
Philippe Noiret
24%
Tilda Swinton
24%
Elsa Zylberstein
23%
Hilary Swank
23%
Jean Marais
23%
Jeff Bridges
23%
Michael Fassbender
23%
Omar Sharif
23%
Philip Seymour Hoffman
23%
Reda Kateb
23%
Yolande Moreau
23%
Clark Gable
22%
Diane Keaton
22%
Ian McKellen
22%
Laure Calamy
22%
Michel Piccoli
22%
Mireille Darc
22%
Orson Welles
22%
Buster Keaton
21%
Cary Grant
21%
Christopher Reeve
21%
Diane Kruger
21%
Eddie Redmayne
21%
Frances McDormand
21%
Jean-Louis Trintignant
21%
Jeff Goldblum
21%
John Malkovich
21%
Katharine Hepburn
21%
Kurt Russell
21%
Mathieu Amalric
21%
Naomi Watts
21%
Roger Moore
21%
Sophia Loren
21%
Ben Kingsley
20%
Jennifer Connelly
20%
Michel Serrault
20%
Sandrine Bonnaire
20%
Sharon Stone
20%
Steve McQueen
20%
Casey Affleck
19%
Claudia Cardinale
19%
Gene Hackman
19%
Henry Fonda
19%
Jeanne Moreau
19%
Josh Brolin
19%
Laurence Fishburne
19%
Mahershala Ali
19%
Marcello Mastroianni
19%
Paul Dano
19%
Sidney Poitier
19%
Anaïs Demoustier
18%
Jean Carmet
18%
Joseph Gordon-Levitt
18%
Judi Dench
18%
Niels Arestrup
18%
Steve Buscemi
18%
Taron Egerton
18%
Charles Bronson
17%
Charlton Heston
17%
James Stewart
17%
Julie Andrews
17%
Laura Dern
17%
Sabine Azéma
17%
Stellan Skarsgård
17%
Tim Roth
17%
Harvey Keitel
16%
Ingrid Bergman
16%
Jean-Pierre Marielle
16%
J.K. Simmons
16%
Joe Pesci
16%
Martin Sheen
16%
Mia Farrow
16%
Sandra Hüller
16%
Burt Lancaster
15%
Ed Harris
15%
Gene Kelly
15%
Isabelle Carré
15%
Kathy Bates
15%
Tim Robbins
15%
Anjelica Huston
14%
Dev Patel
14%
Faye Dunaway
14%
Jacques Tati
14%
Rachel Weisz
14%
Robert Duvall
14%
Vincent Perez
14%
Bette Davis
13%
Émilie Dequenne
13%
Geena Davis
13%
Jacques Gamblin
13%
Jean-Pierre Cassel
13%
Judy Garland
13%
Lauren Bacall
13%
Michael Madsen
13%
Ray Liotta
13%
Robert Mitchum
13%
Zooey Deschanel
13%
Anouk Aimée
12%
Christopher Lloyd
12%
Françoise Dorléac
12%
Gregory Peck
12%
Klaus Kinski
12%
Lee Van Cleef
12%
Robin Wright
12%
Ronald Reagan
12%
Arletty
11%
Danielle Darrieux
11%
Greta Garbo
11%
Jean-Pierre Léaud
11%
Jean Seberg
11%
Michèle Morgan
11%
Rooney Mara
11%
Sally Field
11%
Simon Pegg
11%
Vivien Leigh
11%
Anna Karina
10%
James Caan
10%
Jessica Lange
10%
Jon Voight
10%
Louis Jouvet
10%
Melvil Poupaud
10%
Paul Meurisse
10%
Gary Cooper
9%
Hugo Weaving
9%
Jacques Perrin
9%
James Gandolfini
9%
John Turturro
9%
Matt Dillon
9%
Pierre Brasseur
9%
Sam Neill
9%
Sissy Spacek
9%
Denis Ménochet
8%
Guy Pearce
8%
Jason Schwartzman
8%
Jet Li
8%
John Hurt
8%
Carey Mulligan
7%
Djimon Hounsou
7%
Giulietta Masina
7%
Jacqueline Bisset
7%
John Cazale
7%
Lee Byung-hun
7%
Liv Ullmann
7%
Max von Sydow
7%
Natalie Wood
7%
Sergi López
7%
Warren Beatty
7%
Alec Guinness
6%
Béla Lugosi
6%
Charles Vanel
6%
Geoffrey Rush
6%
James Coburn
6%
James Woods
6%
Joan Crawford
6%
Laurence Olivier
6%
Marie Dubois
6%
Olivia de Havilland
6%
Peter Lorre
6%
Roy Scheider
6%
Song Kang-ho
6%
Spencer Tracy
6%
Toshirō Mifune
6%
Ugo Tognazzi
6%
Anna Magnani
5%
Anne Bancroft
5%
F. Murray Abraham
5%
Jack Lemmon
5%
Montgomery Clift
5%
Peter O'Toole
5%
Pierre Fresnay
5%
Chow Yun-Fat
4%
Claudette Colbert
4%
Eli Wallach
4%
Ellen Burstyn
4%
Emmanuelle Riva
4%
Gian Maria Volonté
4%
James Cagney
4%
Suzanne Clément
4%
Barbara Stanwyck
3%
David Morse
3%
Gloria Swanson
3%
Kelly Macdonald
3%
Paulette Goddard
3%
Vanessa Redgrave
3%
Vittorio Gassman
3%
William Holden
3%
Bruno Ganz
2%
Choi Min-sik
2%
Fernando Rey
2%
George C. Scott
2%
Holly Hunter
2%
Ingrid Thulin
2%
Judy Davis
2%
Tatsuya Nakadai
2%
Tom Sizemore
2%
Maximilian Schell
1%
Takashi Shimura
1%
Aucun quiz correspondant
Distribution des résultats
% des personnes avec chaque résultat
Percentile par nombre de réponses
Votre historique - résultats
Vous n’avez pas pris ce quiz depuis la dernière actualisation